[Event "ENCI Limburg-open A"]
[Site "Maastricht"]
[Date "2008.05.10"]
[Round "2"]
[White "Springelkamp, Henriet"]
[Black "Koenig, Christian"]
[Result "0-1"]
[WhiteElo "1980"]
[BlackElo "2174"]
[PlyCount "126"]
[EventDate "2008.05.09"]
[EventType "swiss"]
[EventRounds "7"]
[EventCountry "NED"]
[Source "P.Boonen"]
[SourceDate "2010.01.01"]

1. e4 c5 2. Nc3 d6 3. g3 g6 4. Bg2 Bg7 5. d3 Nc6 6. Be3 Bd7 7. f4 Qa5 8. Qd2
Rc8 9. Nf3 Nd4 10. O-O e6 11. Rf2 Qb4 12. Nd1 Qa4 13. Nc3 Qa6 14. h3 h5 15. Ng5
Nh6 16. Nf3 b5 17. Bxd4 cxd4 18. Nd1 O-O 19. c3 dxc3 20. Nxc3 b4 21. Nd1 Qb6
22. Qe3 Qa5 23. d4 Rc7 24. Qd2 Qb6 25. Ne3 Rfc8 26. b3 a5 27. Nc4 Qa6 28. Bf1
d5 29. Ne3 Qa7 30. e5 Nf5 31. Nxf5 exf5 32. Ne1 Rc3 33. Nd3 Bf8 34. Rc1 Qb6 35.
Qe3 Bb5 36. Rd1 a4 37. Rb2 Qa6 38. Kh2 axb3 39. axb3 Qa3 40. Rdb1 Rc2+ 41. Rxc2
Rxc2+ 42. Kg1 Qa2 43. Rc1 Bxd3 44. Bxd3 Rxc1+ 45. Qxc1 Qxb3 46. Qc2 Qa3 47. Kf2
Qa1 48. Ke3 Qg1+ 49. Qf2 Qa1 50. Qg2 Qe1+ 51. Kf3 b3 52. Qb2 Qd1+ 53. Ke3 Bb4
54. Qe2 Qa1 55. Qf1 Qc3 56. Qe2 b2 57. Qc2 Qe1+ 58. Kf3 Qh1+ 59. Kf2 Qxh3 60.
Bf1 Qh2+ 61. Bg2 h4 62. Qxb2 Qxg3+ 63. Kg1 h3 0-1

[Event "ENCI Limburg-open A"]
[Site "Maastricht"]
[Date "2008.05.10"]
[Round "2"]
[White "Staudte, Rainer"]
[Black "Bok, Benjamin"]
[Result "0-1"]
[WhiteElo "1990"]
[BlackElo "2180"]
[PlyCount "74"]
[EventDate "2008.05.09"]
[EventType "swiss"]
[EventRounds "7"]
[EventCountry "NED"]
[Source "P.Boonen"]
[SourceDate "2010.01.01"]

1. d4 Nf6 2. c4 g6 3. Nc3 d5 4. Nf3 Bg7 5. cxd5 Nxd5 6. e4 Nxc3 7. bxc3 O-O 8.
Rb1 c5 9. Be2 cxd4 10. cxd4 Qa5+ 11. Bd2 Qxa2 12. O-O Bg4 13. Rxb7 Bxf3 14.
Bxf3 Bxd4 15. Bh6 Rd8 16. Qc1 Nd7 17. Bd1 Qa6 18. Qb1 Bb6 19. Qb2 e5 20. Rxd7
Rxd7 21. Qxe5 Bd4 22. Qf4 Qb6 23. h4 a5 24. Ba4 Re7 25. h5 Qf6 26. hxg6 hxg6
27. g3 Qxf4 28. Bxf4 Rc8 29. Re1 Rc4 30. Bb3 Rc3 31. Ba4 Bc5 32. Re2 Rc4 33.
Bc2 a4 34. Kg2 a3 35. Bd3 Rc3 36. Bb1 Rb3 37. Bc1 Rxb1 0-1

[Event "ENCI Limburg-open A"]
[Site "Maastricht"]
[Date "2008.05.10"]
[Round "2"]
[White "Swijsen, Lars"]
[Black "Kamps, Sjaak"]
[Result "1/2-1/2"]
[WhiteElo "1875"]
[BlackElo "2089"]
[PlyCount "73"]
[EventDate "2008.05.09"]
[EventType "swiss"]
[EventRounds "7"]
[EventCountry "NED"]
[Source "P.Boonen"]
[SourceDate "2010.01.01"]

1. c4 e5 2. Nc3 Nf6 3. Nf3 d6 4. g3 c6 5. d3 Be7 6. Bg2 Nbd7 7. a3 O-O 8. O-O
Re8 9. b4 Bf8 10. Ne1 g6 11. Rb1 Qc7 12. b5 Nc5 13. Be3 Bd7 14. Nc2 Ne6 15.
Bxa7 cxb5 16. Be3 bxc4 17. Rxb7 Qc8 18. Rb1 cxd3 19. Qxd3 Bc6 20. Bxc6 Qxc6 21.
Nb4 Qd7 22. Nbd5 Nxd5 23. Nxd5 Be7 24. Nb6 Qd8 25. Nxa8 Qxa8 26. f4 e4 27. Qc3
Ng7 28. Rfc1 d5 29. g4 Bxa3 30. Ra1 Bxc1 31. Rxa8 Bxe3+ 32. Qxe3 Rxa8 33. Qd4
Rd8 34. Qf6 Re8 35. f5 d4 36. fxg6 hxg6 37. Qxd4 1/2-1/2

[Event "ENCI Limburg-open A"]
[Site "Maastricht"]
[Date "2008.05.10"]
[Round "2"]
[White "Taverniers, Peter"]
[Black "Carcan, Stephane"]
[Result "1/2-1/2"]
[WhiteElo "1810"]
[BlackElo "2047"]
[PlyCount "28"]
[EventDate "2008.05.09"]
[EventType "swiss"]
[EventRounds "7"]
[EventCountry "NED"]
[Source "P.Boonen"]
[SourceDate "2010.01.01"]

1. c4 g6 2. Nc3 Bg7 3. g3 d6 4. Bg2 e5 5. d3 c5 6. Nf3 Nc6 7. O-O Nge7 8. e4
O-O 9. Nd5 h6 10. Bd2 Be6 11. Qc1 Kh7 12. Rb1 Rb8 13. b4 Bxd5 14. cxd5 Nxb4
1/2-1/2

[Event "ENCI Limburg-open A"]
[Site "Maastricht"]
[Date "2008.05.10"]
[Round "2"]
[White "Tempelman, Kristianne"]
[Black "Nabuurs, Mart"]
[Result "0-1"]
[WhiteElo "1896"]
[BlackElo "2093"]
[PlyCount "104"]
[EventDate "2008.05.09"]
[EventType "swiss"]
[EventRounds "7"]
[EventCountry "NED"]
[Source "P.Boonen"]
[SourceDate "2010.01.01"]

1. d4 d5 2. c4 c6 3. Nf3 e6 4. Nc3 dxc4 5. a4 Bb4 6. Bd2 a5 7. e3 b5 8. axb5
Bxc3 9. Bxc3 cxb5 10. b3 Bb7 11. bxc4 b4 12. Bb2 Nf6 13. Bd3 O-O 14. O-O Nbd7
15. Nd2 e5 16. Qc2 Qc7 17. h3 a4 18. dxe5 Nxe5 19. Bxe5 Qxe5 20. Rxa4 Rxa4 21.
Qxa4 Qc3 22. Nb3 Qxd3 23. Nc5 Qa3 24. Qxa3 bxa3 25. Nxb7 Rb8 26. Nd6 Rb2 27.
Nb5 a2 28. Nc3 Ne4 29. Rd1 g6 30. Nxa2 Rxa2 31. f3 Nc5 32. Rd4 Ne6 33. Rd6 Rc2
34. Rc6 Kf8 35. Rc8+ Ke7 36. Kh2 Kd7 37. Rh8 h5 38. Kg3 Rxc4 39. f4 Rc5 40. Kf3
Rc8 41. Rxc8 Kxc8 42. g4 hxg4+ 43. hxg4 Kd7 44. f5 gxf5 45. gxf5 Ng7 46. Kf4 f6
47. Ke4 Kd6 48. Kf4 Kd5 49. e4+ Kd4 50. Kf3 Nh5 51. e5 fxe5 52. Kg4 Nf6+ 0-1

[Event "ENCI Limburg-open A"]
[Site "Maastricht"]
[Date "2008.05.10"]
[Round "2"]
[White "Van Beek, Alexander"]
[Black "Ten Hertog, Hugo"]
[Result "1-0"]
[WhiteElo "2343"]
[BlackElo "2075"]
[PlyCount "101"]
[EventDate "2008.05.09"]
[EventType "swiss"]
[EventRounds "7"]
[EventCountry "NED"]
[Source "P.Boonen"]
[SourceDate "2010.01.01"]

1. e4 c5 2. c3 d5 3. exd5 Qxd5 4. d4 Nf6 5. Nf3 e6 6. Na3 Qd8 7. Nc2 Nc6 8. g3
cxd4 9. Ncxd4 Nxd4 10. Qxd4 Qxd4 11. Nxd4 Bd7 12. Bg2 O-O-O 13. O-O Bc5 14. Nb3
Bb6 15. a4 a6 16. a5 Ba7 17. Be3 Bxe3 18. fxe3 Kc7 19. Rf4 Bb5 20. g4 e5 21.
Rb4 Rhe8 22. g5 Nd7 23. Bxb7 e4 24. Bxe4 Re5 25. h4 Rde8 26. Bg2 Rxe3 27. Nd4
Bd3 28. Rb7+ Kd6 29. Kf2 Re2+ 30. Nxe2 Rxe2+ 31. Kg3 Rxg2+ 32. Kxg2 Be4+ 33.
Kg3 Bxb7 34. Rd1+ Ke6 35. Re1+ Kd6 36. Re8 f6 37. Rg8 fxg5 38. hxg5 g6 39. Rg7
Be4 40. Rxh7 Bf5 41. Kf4 Bd3 42. Ke3 Bf5 43. Rh8 Kc6 44. b4 Ne5 45. Rf8 Nd7 46.
Re8 Kb7 47. Kd4 Kc7 48. Kd5 Bd3 49. Re6 Nf8 50. Rf6 Nd7 51. Kd4 1-0

[Event "ENCI Limburg-open A"]
[Site "Maastricht"]
[Date "2008.05.10"]
[Round "2"]
[White "Van Eijndhoven, Erik"]
[Black "Ringoir, Guy"]
[Result "1/2-1/2"]
[WhiteElo "2158"]
[BlackElo "1941"]
[PlyCount "63"]
[EventDate "2008.05.09"]
[EventType "swiss"]
[EventRounds "7"]
[EventCountry "NED"]
[Source "P.Boonen"]
[SourceDate "2010.01.01"]

1. Nf3 Nf6 2. g3 g6 3. Bg2 Bg7 4. O-O O-O 5. c4 d6 6. d4 c6 7. Nc3 Qa5 8. e4
Qh5 9. Nh4 Qxd1 10. Rxd1 e5 11. dxe5 dxe5 12. h3 Na6 13. Be3 Nc7 14. Bc5 Re8
15. Bd6 Na6 16. Nf3 Nd7 17. b4 Bf8 18. a3 Bxd6 19. Rxd6 Nc7 20. Rad1 Nf8 21.
Bf1 Kg7 22. Na4 f6 23. Nc5 Nce6 24. Nxe6+ Nxe6 25. c5 a6 26. h4 Kf7 27. Bc4 Ke7
28. a4 Rd8 29. Rxd8 Nxd8 30. Nd2 Be6 31. a5 Bxc4 32. Nxc4 1/2-1/2

[Event "ENCI Limburg-open A"]
[Site "Maastricht"]
[Date "2008.05.10"]
[Round "2"]
[White "Van der Veen, Terry"]
[Black "Geboers, Jimmy"]
[Result "0-1"]
[WhiteElo "2169"]
[BlackElo "1968"]
[PlyCount "84"]
[EventDate "2008.05.09"]
[EventType "swiss"]
[EventRounds "7"]
[EventCountry "NED"]
[Source "P.Boonen"]
[SourceDate "2010.01.01"]

1. e4 d5 2. exd5 Qxd5 3. Nc3 Qa5 4. Nf3 Bf5 5. Bc4 Nf6 6. O-O e6 7. Re1 Be7 8.
d4 c6 9. Ne5 O-O 10. g4 Bg6 11. Nxg6 hxg6 12. g5 Nd5 13. Nxd5 cxd5 14. Bb3 Nc6
15. c3 Bd6 16. Qg4 Ne7 17. Re3 Nf5 18. Rh3 Rfd8 19. Bc2 Kf8 20. Qe2 Re8 21. Bd2
Qc7 22. Bxf5 gxf5 23. Re1 g6 24. Qf3 Kg7 25. Rh6 Rh8 26. h4 Rxh6 27. gxh6+ Kh7
28. Kg2 Bf8 29. Bg5 Bxh6 30. Rh1 Rc8 31. Qe3 f4 32. Qd3 e5 33. h5 Bxg5 34.
hxg6+ Kg7 35. Rh7+ Kf6 36. Qh3 Kxg6 37. Qh5+ Kf6 38. Kg1 exd4 39. cxd4 Qc1+ 40.
Kg2 Qc2 41. Rh8 Qe4+ 42. Kg1 f3 0-1

[Event "ENCI Limburg-open A"]
[Site "Maastricht"]
[Date "2008.05.10"]
[Round "2"]
[White "Van der Velden, Bram"]
[Black "Bomans, Arno"]
[Result "1-0"]
[WhiteElo "2196"]
[BlackElo "1955"]
[PlyCount "117"]
[EventDate "2008.05.09"]
[EventType "swiss"]
[EventRounds "7"]
[EventCountry "NED"]
[Source "P.Boonen"]
[SourceDate "2010.01.01"]

1. d4 Nf6 2. c4 g6 3. Nc3 Bg7 4. e4 d6 5. Nf3 O-O 6. Be2 e5 7. O-O Nc6 8. d5
Ne7 9. Ne1 Nd7 10. Be3 f5 11. f3 f4 12. Bf2 g5 13. a4 a5 14. Nd3 b6 15. b4 axb4
16. Nb5 Nf6 17. Be1 h5 18. Bxb4 g4 19. a5 bxa5 20. Rxa5 Rb8 21. Ra7 g3 22. Ba5
Nexd5 23. Rxc7 Ne3 24. Rxg7+ Kxg7 25. Bxd8 gxh2+ 26. Kxh2 Nxd1 27. Bxf6+ Kxf6
28. Rxd1 h4 29. Nb4 h3 30. Rxd6+ Kf7 31. gxh3 Rh8 32. Bf1 Ra8 33. Rd1 Kf6 34.
Nd5+ Kg5 35. Rd2 Ra1 36. Rg2+ Kh4 37. Rf2 Be6 38. Nd6 Rha8 39. Nf5+ Bxf5 40.
exf5 Rxf1 41. Rxf1 Ra2+ 42. Kg1 Kg3 43. Rc1 e4 44. fxe4 f3 45. Ne3 Re2 46. Nf1+
Kxh3 47. Rc3 Rg2+ 48. Kh1 Rf2 49. Nd2 Rxd2 50. Rxf3+ Kg4 51. Rc3 Kf4 52. c5
Kxe4 53. c6 Rd8 54. c7 Rc8 55. f6 Kd4 56. Rc1 Ke3 57. f7 Kf2 58. f8=Q+ Rxf8 59.
c8=Q 1-0

[Event "ENCI Limburg-open A"]
[Site "Maastricht"]
[Date "2008.05.10"]
[Round "2"]
[White "Zachariassen, Bjarne"]
[Black "Pham, Toan Thanh"]
[Result "1/2-1/2"]
[WhiteElo "1938"]
[BlackElo "2111"]
[PlyCount "33"]
[EventDate "2008.05.09"]
[EventType "swiss"]
[EventRounds "7"]
[EventCountry "NED"]
[Source "P.Boonen"]
[SourceDate "2010.01.01"]

1. e4 c5 2. c3 g6 3. d4 cxd4 4. cxd4 d5 5. exd5 Nf6 6. Bb5+ Nbd7 7. Nc3 Bg7 8.
d6 exd6 9. Qe2+ Kf8 10. Nf3 a6 11. Bd3 h6 12. O-O Nb6 13. Bd2 Nbd5 14. Rfe1 Bd7
15. Rac1 Bc6 16. Ne4 Qc7 17. Qd1 1/2-1/2

[Event "ENCI Limburg-open A"]
[Site "Maastricht"]
[Date "2008.05.10"]
[Round "3"]
[White "Beijerinck, Nick"]
[Black "Reinderman, Dimitri"]
[Result "0-1"]
[WhiteElo "2023"]
[BlackElo "2526"]
[PlyCount "60"]
[EventDate "2008.05.09"]
[EventType "swiss"]
[EventRounds "7"]
[EventCountry "NED"]
[Source "P.Boonen"]
[SourceDate "2010.01.01"]

1. e4 d5 2. exd5 Qxd5 3. Nc3 Qa5 4. d4 c6 5. Nf3 Nf6 6. Bd2 Bf5 7. Bc4 e6 8.
O-O Qb6 9. Bb3 Nbd7 10. Re1 Be7 11. Na4 Qc7 12. c4 O-O 13. Rc1 Bg4 14. Re3 Bd6
15. h3 Bh5 16. Qe1 c5 17. d5 exd5 18. cxd5 b5 19. Nc3 a6 20. Ng5 c4 21. Bd1 Bg6
22. Bf3 Ne5 23. Be4 Bc5 24. Rg3 Rae8 25. Be3 Nxe4 26. Ngxe4 Nd3 27. Qd2 Bxe4
28. Nxe4 Bxe3 29. Qxe3 Qe5 30. Qh6 Kh8 0-1

[Event "ENCI Limburg-open A"]
[Site "Maastricht"]
[Date "2008.05.10"]
[Round "3"]
[White "Blijlevens, Pim"]
[Black "Lenhardt, Manfred"]
[Result "0-1"]
[WhiteElo "1899"]
[BlackElo "2156"]
[PlyCount "112"]
[EventDate "2008.05.09"]
[EventType "swiss"]
[EventRounds "7"]
[EventCountry "NED"]
[Source "P.Boonen"]
[SourceDate "2010.01.01"]

1. d4 d5 2. c4 e6 3. Nc3 Nf6 4. Bg5 Be7 5. e3 h6 6. Bh4 O-O 7. Nf3 Nbd7 8. cxd5
exd5 9. Bd3 c6 10. Qc2 Re8 11. O-O Ne4 12. Bxe7 Qxe7 13. a3 Nb6 14. Rfe1 Nd6
15. e4 dxe4 16. Nxe4 Nxe4 17. Bxe4 Be6 18. Ne5 Rad8 19. Rad1 Qd6 20. f4 Bd5 21.
Bh7+ Kf8 22. Qf5 Qf6 23. Qxf6 gxf6 24. Nd3 Nc4 25. Kf2 Nd6 26. g4 Be6 27. h3
Kg7 28. Bf5 Bxf5 29. gxf5 Rxe1 30. Nxe1 Nxf5 31. Nc2 Rd5 32. Ne3 Nxe3 33. Kxe3
Rb5 34. Rg1+ Kf8 35. b4 Rh5 36. Rg3 Ke7 37. Kf3 Rh4 38. a4 Ke6 39. b5 cxb5 40.
axb5 Rh5 41. Kg4 Rxb5 42. f5+ Kd7 43. Rf3 Rb4 44. Rd3 a5 45. Kh5 a4 46. h4 Rb3
47. Rd1 b5 48. Kxh6 b4 49. Kg7 Rh3 50. Ra1 a3 51. Kxf7 Rxh4 52. Kxf6 Rh2 53.
Kg7 Rg2+ 54. Kf7 a2 55. f6 b3 56. d5 Rg5 0-1

[Event "ENCI Limburg-open A"]
[Site "Maastricht"]
[Date "2008.05.10"]
[Round "3"]
[White "Bomans, Arno"]
[Black "Soors, Stef"]
[Result "1/2-1/2"]
[WhiteElo "1955"]
[BlackElo "2170"]
[PlyCount "52"]
[EventDate "2008.05.09"]
[EventType "swiss"]
[EventRounds "7"]
[EventCountry "NED"]
[Source "P.Boonen"]
[SourceDate "2010.01.01"]

1. e4 e6 2. d3 d5 3. Nd2 Nf6 4. c3 c5 5. Ngf3 Be7 6. Be2 O-O 7. Qc2 b6 8. b3
Ba6 9. c4 Nc6 10. Bb2 b5 11. O-O Rc8 12. Rfd1 Qb6 13. a3 Rfd8 14. Rab1 Bb7 15.
Ba1 Nd4 16. Nxd4 cxd4 17. e5 Ne8 18. Qb2 f6 19. c5 Qxc5 20. b4 Qc3 21. Nf3 fxe5
22. Nxe5 Bd6 23. f4 Nf6 24. Rbc1 Qxb2 25. Bxb2 a5 26. bxa5 Rxc1 1/2-1/2

[Event "ENCI Limburg-open A"]
[Site "Maastricht"]
[Date "2008.05.10"]
[Round "3"]
[White "Boulahfa, Hicham"]
[Black "Pevar, Andrew"]
[Result "1-0"]
[WhiteElo "2000"]
[BlackElo "1831"]
[PlyCount "78"]
[EventDate "2008.05.09"]
[EventType "swiss"]
[EventRounds "7"]
[EventCountry "NED"]
[Source "P.Boonen"]
[SourceDate "2010.01.01"]

1. e4 c5 2. Nf3 Nc6 3. d4 cxd4 4. Nxd4 Nf6 5. Nc3 e5 6. Ndb5 d6 7. Bg5 a6 8.
Na3 b5 9. Bxf6 gxf6 10. Nd5 f5 11. exf5 Bxf5 12. c3 Bg7 13. Nc2 O-O 14. Nce3
Be6 15. Bd3 f5 16. O-O e4 17. Nf4 Bf7 18. Bc2 Be5 19. Ned5 Qg5 20. g3 Kh8 21.
Kh1 Ra7 22. Bb3 Ne7 23. Nxe7 Rxe7 24. Bxf7 Rfxf7 25. Nd5 Re8 26. a4 f4 27. Qe2
Re6 28. Qxe4 Rh6 29. Nxf4 Bxf4 30. Qa8+ Kg7 31. gxf4 Qxf4 32. Rg1+ Kf6 33. Qh8+
Kf5 34. Qc8+ Kf6 35. Rg3 Qxf2 36. Qd8+ Ke6 37. Qc8+ Kf6 38. Rg2 Qf3 39. Qd8+
Ke5 1-0

[Event "ENCI Limburg-open A"]
[Site "Maastricht"]
[Date "2008.05.10"]
[Round "3"]
[White "Boulan, Laura"]
[Black "Van Eijndhoven, Erik"]
[Result "0-1"]
[WhiteElo "1921"]
[BlackElo "2158"]
[PlyCount "96"]
[EventDate "2008.05.09"]
[EventType "swiss"]
[EventRounds "7"]
[EventCountry "NED"]
[Source "P.Boonen"]
[SourceDate "2010.01.01"]

1. e4 e6 2. c3 d5 3. e5 c5 4. f4 Nc6 5. Nf3 Nh6 6. Na3 Nf5 7. Nc2 d4 8. Bd3 Be7
9. O-O Qb6 10. Kh1 Bd7 11. Qe2 O-O-O 12. b4 cxb4 13. cxb4 Nxb4 14. Rb1 Qa5 15.
Nxb4 Bxb4 16. Bxf5 exf5 17. Qc4+ Bc5 18. Nxd4 Qc7 19. Nb5 Bxb5 20. Qxb5 Qb6 21.
Rf3 Qxb5 22. Rxb5 b6 23. Rc3 Kd7 24. Rd3+ Ke7 25. Rbb3 Rxd3 26. Rxd3 Ke6 27.
Bb2 Rc8 28. g3 Be7 29. Bc3 Rd8 30. Rxd8 Bxd8 31. Kg2 g6 32. Kf3 Kd5 33. Ke3 Be7
34. d4 Kc4 35. Bb2 h5 36. Ke2 b5 37. Kd2 a5 38. Kc2 b4 39. Kd2 a4 40. Ke3 Bd8
41. Ba1 Bb6 42. Bb2 a3 43. Ba1 Ba7 44. h3 Bb6 45. g4 hxg4 46. hxg4 fxg4 47. Ke4
g3 48. d5 g2 0-1

[Event "ENCI Limburg-open A"]
[Site "Maastricht"]
[Date "2008.05.10"]
[Round "3"]
[White "Breest, Axel"]
[Black "Clijsen, Mark"]
[Result "0-1"]
[WhiteElo "1860"]
[BlackElo "2122"]
[PlyCount "70"]
[EventDate "2008.05.09"]
[EventType "swiss"]
[EventRounds "7"]
[EventCountry "NED"]
[Source "P.Boonen"]
[SourceDate "2010.01.01"]

1. e4 e6 2. d4 d5 3. Nc3 Nf6 4. e5 Nfd7 5. Qg4 c5 6. Be3 Nc6 7. Nf3 cxd4 8.
Bxd4 Nxd4 9. Nxd4 h5 10. Qg3 h4 11. Qe3 Bc5 12. O-O-O a6 13. f4 Qc7 14. Be2 b5
15. Bg4 Bxd4 16. Rxd4 g6 17. Qh3 Nc5 18. Bf3 Rb8 19. a3 a5 20. Be2 Bd7 21. f5
gxf5 22. Rxh4 Rf8 23. Qg3 b4 24. axb4 axb4 25. Nb1 Ba4 26. Qg7 Nb3+ 27. Kd1 Nd4
28. Rxd4 Qxc2+ 29. Ke1 Qxb1+ 30. Bd1 Bxd1 31. Rxd1 Qxb2 32. h4 Qc2 33. h5 b3
34. h6 b2 35. h7 Qxd1+ 0-1

[Event "ENCI Limburg-open A"]
[Site "Maastricht"]
[Date "2008.05.10"]
[Round "3"]
[White "Burg, Twan"]
[Black "Lafosse, Jimmy"]
[Result "0-1"]
[WhiteElo "2342"]
[BlackElo "1956"]
[PlyCount "80"]
[EventDate "2008.05.09"]
[EventType "swiss"]
[EventRounds "7"]
[EventCountry "NED"]
[Source "P.Boonen"]
[SourceDate "2010.01.01"]

1. e4 c5 2. Nf3 a6 3. c4 Nc6 4. d4 cxd4 5. Nxd4 Qb6 6. Nb3 e6 7. Be3 Bb4+ 8.
N1d2 Qc7 9. a3 Be7 10. f4 d6 11. Bd3 Nf6 12. O-O b6 13. Qf3 Bb7 14. Rac1 O-O
15. g4 Nd7 16. g5 a5 17. Qh3 a4 18. Na1 Nc5 19. Bb1 Qd8 20. Rc3 e5 21. Qh5 Ne6
22. f5 Nxg5 23. h4 Nh3+ 24. Kh2 Nf4 25. Bxf4 exf4 26. e5 dxe5 27. Rd3 Qc7 28.
f6 g6 29. Qg5 Bd8 30. Ne4 Nd4 31. Qh6 Nf5 32. Qg5 Bxe4 33. Rd2 Bxb1 34. Rxb1 h6
35. Qg4 Bxf6 36. Nc2 h5 37. Qf3 Nxh4 38. Qe4 Rad8 39. Rd5 Rxd5 40. cxd5 Qc5 0-1

[Event "ENCI Limburg-open A"]
[Site "Maastricht"]
[Date "2008.05.10"]
[Round "3"]
[White "Bus, Tom"]
[Black "Larmuseau, Michiel"]
[Result "1-0"]
[WhiteElo "2252"]
[BlackElo "1952"]
[PlyCount "61"]
[EventDate "2008.05.09"]
[EventType "swiss"]
[EventRounds "7"]
[EventCountry "NED"]
[Source "P.Boonen"]
[SourceDate "2010.01.01"]

1. c4 e5 2. g3 Nc6 3. Bg2 f5 4. Nc3 Nf6 5. d3 Bb4 6. Bd2 d6 7. Nf3 O-O 8. O-O
Bxc3 9. Bxc3 Qe8 10. b4 Qh5 11. b5 Ne7 12. e3 f4 13. exf4 exf4 14. Re1 Ng6 15.
Bxf6 Rxf6 16. Re8+ Rf8 17. Rxf8+ Kxf8 18. d4 Bh3 19. Bxh3 Qxh3 20. Ng5 Qf5 21.
Qh5 Ne7 22. Nxh7+ Kg8 23. Ng5 fxg3 24. hxg3 Rd8 25. Rf1 Nc8 26. g4 Qc2 27. f4
Ne7 28. f5 Rc8 29. Qf7+ Kh8 30. Ne6 Rg8 31. Qh5# 1-0

[Event "ENCI Limburg-open A"]
[Site "Maastricht"]
[Date "2008.05.10"]
[Round "3"]
[White "Carcan, Stephane"]
[Black "Beeke, Bobby"]
[Result "0-1"]
[WhiteElo "2047"]
[BlackElo "2188"]
[PlyCount "92"]
[EventDate "2008.05.09"]
[EventType "swiss"]
[EventRounds "7"]
[EventCountry "NED"]
[Source "P.Boonen"]
[SourceDate "2010.01.01"]

1. Nf3 Nf6 2. g3 g6 3. Bg2 Bg7 4. d3 O-O 5. O-O c5 6. e4 d6 7. Nc3 Nc6 8. h3
Rb8 9. a4 a6 10. Be3 Nd7 11. Qd2 Nd4 12. Bh6 Nxf3+ 13. Bxf3 Ne5 14. Bg2 Bxh3
15. f3 Bxg2 16. Kxg2 f6 17. Bxg7 Kxg7 18. Nd5 e6 19. Ne3 d5 20. f4 Nf7 21. Qe2
dxe4 22. dxe4 Qd4 23. Nc4 b5 24. axb5 axb5 25. Na5 Qxb2 26. Nb3 c4 27. Rab1 Qc3
28. Rf3 Qb4 29. c3 Qd6 30. Rd1 Qe7 31. Nd4 Rfc8 32. Nc2 Nd8 33. Rff1 Nc6 34.
Rd2 Rd8 35. Rfd1 Rxd2 36. Rxd2 Rd8 37. Rxd8 Qxd8 38. Kf2 b4 39. cxb4 Nxb4 40.
Nxb4 Qb6+ 41. Qe3 Qxb4 42. Qa7+ Kh6 43. Qf7 c3 44. Qxe6 Qd4+ 45. Kf3 c2 46. Qf7
Qd1+ 0-1

[Event "ENCI Limburg-open A"]
[Site "Maastricht"]
[Date "2008.05.10"]
[Round "3"]
[White "Clemens, Adrian HP"]
[Black "Beukema, Stefan"]
[Result "1-0"]
[WhiteElo "2326"]
[BlackElo "1962"]
[PlyCount "65"]
[EventDate "2008.05.09"]
[EventType "swiss"]
[EventRounds "7"]
[EventCountry "NED"]
[Source "P.Boonen"]
[SourceDate "2010.01.01"]

1. d4 f5 2. Nc3 d5 3. Bf4 Nf6 4. e3 g6 5. Nf3 Bg7 6. Nb5 Na6 7. c4 c6 8. Nc3 e6
9. Be2 O-O 10. O-O Nc7 11. Qc2 h6 12. Rab1 g5 13. Be5 Bd7 14. b4 a6 15. a4 Nfe8
16. Bxg7 Kxg7 17. Ne5 Nd6 18. c5 Nf7 19. f4 Nxe5 20. fxe5 Be8 21. Bd3 g4 22. b5
Qg5 23. b6 Qxe3+ 24. Kh1 Qxd4 25. bxc7 Qxe5 26. Rxb7 Rf7 27. Ne2 Rxc7 28. Rxc7+
Qxc7 29. Qc3+ Kh7 30. Nf4 Bd7 31. Qf6 Re8 32. Qf7+ Kh8 33. Ng6# 1-0

[Event "ENCI Limburg-open A"]
[Site "Maastricht"]
[Date "2008.05.10"]
[Round "3"]
[White "Coenen, Bert"]
[Black "Noiroux, Kevin"]
[Result "0-1"]
[WhiteElo "1830"]
[BlackElo "2134"]
[PlyCount "84"]
[EventDate "2008.05.09"]
[EventType "swiss"]
[EventRounds "7"]
[EventCountry "NED"]
[Source "P.Boonen"]
[SourceDate "2010.01.01"]

1. d4 d5 2. Bg5 h6 3. Bh4 c6 4. e3 Qb6 5. Qc1 e5 6. Nf3 e4 7. Nfd2 Ne7 8. c4
Nf5 9. c5 Qc7 10. Bg3 Nxg3 11. hxg3 b6 12. cxb6 axb6 13. Nc3 Bd6 14. Nb3 Nd7
15. Qc2 Nf6 16. Rc1 Qd7 17. Be2 O-O 18. a3 Qf5 19. Nd1 Bd7 20. Qd2 Qg5 21. Kf1
Rfc8 22. Rc3 g6 23. Qe1 h5 24. Rh4 Ne8 25. Rh1 Ng7 26. Nd2 Nf5 27. Kg1 c5 28.
dxc5 bxc5 29. Nf1 d4 30. exd4 cxd4 31. Rxc8+ Rxc8 32. Qa5 d3 33. Bxh5 gxh5 34.
Nde3 Bc5 35. Nd5 Nxg3 36. Nxg3 Bxf2+ 37. Kxf2 e3+ 38. Kf3 Re8 39. Ne7+ Qxe7 40.
Rxh5 Qf6+ 41. Rf5 Bc6+ 42. Kg4 Qg6+ 0-1

[Event "ENCI Limburg-open A"]
[Site "Maastricht"]
[Date "2008.05.10"]
[Round "3"]
[White "Coenen, Eduard"]
[Black "Oosterman, Maarten Jan"]
[Result "1-0"]
[WhiteElo "2161"]
[BlackElo "2013"]
[PlyCount "70"]
[EventDate "2008.05.09"]
[EventType "swiss"]
[EventRounds "7"]
[EventCountry "NED"]
[Source "P.Boonen"]
[SourceDate "2010.01.01"]

1. d4 d5 2. Nf3 c6 3. c3 Nf6 4. Bg5 e6 5. Nbd2 Be7 6. e3 Nbd7 7. Bd3 O-O 8. O-O
b6 9. Qe2 Bb7 10. Ne5 c5 11. f4 Ne4 12. Bxe7 Qxe7 13. Rad1 Rad8 14. Rf3 f6 15.
Nxd7 Rxd7 16. Rh3 g6 17. Nf3 Nd6 18. Rf1 Qe8 19. Qf2 Rg7 20. g4 Bc6 21. g5 f5
22. Ne5 Bb5 23. Bxb5 Nxb5 24. Rh6 Nd6 25. h4 Nf7 26. Nxf7 Kxf7 27. h5 c4 28.
Qc2 Qc6 29. Rf3 Rfg8 30. Rh3 b5 31. Qh2 Qd6 32. Rxh7 gxh5 33. R3xh5 Qe7 34.
Rxg7+ Rxg7 35. Rh8 Qd7 1-0

[Event "ENCI Limburg-open A"]
[Site "Maastricht"]
[Date "2008.05.10"]
[Round "3"]
[White "Daces, Philippe"]
[Black "Andriulevicius, Orestas"]
[Result "1-0"]
[WhiteElo "2032"]
[BlackElo "1903"]
[PlyCount "69"]
[EventDate "2008.05.09"]
[EventType "swiss"]
[EventRounds "7"]
[EventCountry "NED"]
[Source "P.Boonen"]
[SourceDate "2010.01.01"]

1. d4 d5 2. c4 e6 3. Nc3 Nf6 4. Bg5 Nbd7 5. e3 c6 6. Nf3 Qa5 7. Nd2 Bb4 8. Qc2
O-O 9. Bh4 Bxc3 10. bxc3 Ne4 11. Be7 Re8 12. Bb4 Qd8 13. Nxe4 dxe4 14. Qxe4 e5
15. Bd3 Nf6 16. Qh4 e4 17. Be2 Bf5 18. O-O Bg6 19. Rfb1 b6 20. a4 Rb8 21. Rd1
Rb7 22. a5 bxa5 23. Rxa5 Qd7 24. Rda1 Reb8 25. Qf4 Ra8 26. h3 h6 27. Qe5 Re8
28. Qd6 Qxd6 29. Bxd6 Ra8 30. Be5 a6 31. Bf4 Rba7 32. c5 Nd5 33. Rxa6 Rxa6 34.
Rxa6 Rxa6 35. Bxa6 1-0

[Event "ENCI Limburg-open A"]
[Site "Maastricht"]
[Date "2008.05.10"]
[Round "3"]
[White "Dahmen, Christoph"]
[Black "Schaeken, Yordi"]
[Result "1/2-1/2"]
[WhiteElo "2077"]
[BlackElo "1916"]
[PlyCount "132"]
[EventDate "2008.05.09"]
[EventType "swiss"]
[EventRounds "7"]
[EventCountry "NED"]
[Source "P.Boonen"]
[SourceDate "2010.01.01"]

1. d4 c5 2. Nf3 cxd4 3. Nxd4 g6 4. e4 Bg7 5. c4 Nc6 6. Be3 Nf6 7. Nc3 Ng4 8.
Qxg4 Nxd4 9. Qd1 Ne6 10. Be2 O-O 11. O-O d6 12. Qd2 Bd7 13. Rad1 Bc6 14. f3 a5
15. Nd5 Bxd5 16. exd5 Nc5 17. Bd4 Bxd4+ 18. Qxd4 Qb6 19. Kh1 Na4 20. b3 Qxd4
21. Rxd4 Nc3 22. Rd2 Nxe2 23. Rxe2 Rfe8 24. Rfe1 Kf8 25. Re4 Rac8 26. Kg1 Rc5
27. a4 b6 28. Kf2 Rc7 29. R1e3 Kg7 30. Ke2 Kf6 31. Rf4+ Kg7 32. Rd4 Rd7 33. f4
Kf6 34. Kf3 e5 35. dxe6 fxe6 36. h4 h5 37. Rd1 Rc8 38. Red3 Ke7 39. Re3 Kf6 40.
Red3 Ke7 41. Ke4 Rc5 42. Rg3 Kf6 43. Rg5 Rd8 44. Rd3 Rd7 45. g4 hxg4 46. Rxg4
d5+ 47. cxd5 exd5+ 48. Kd4 Re7 49. Rdg3 Re4+ 50. Kd3 Rb4 51. Rxg6+ Kf7 52. h5
Rxb3+ 53. Kd4 Rxg3 54. Rxg3 Rc4+ 55. Ke5 Rxa4 56. h6 Ra1 57. Rb3 Re1+ 58. Kxd5
Re6 59. Rh3 Re8 60. f5 Rh8 61. Ke5 a4 62. h7 b5 63. Rc3 Rxh7 64. Rc7+ Kg8 65.
Rc8+ Kf7 66. Rc7+ Kg8 1/2-1/2